000
00317nam a22001457a 4500
008
221130b ||||| |||| 00| 0 eng d
020
_a
9781935476535
041
_a
eng
080
_a
610.73
082
_a
610.73THO
100
_a
8
101
_a
INF
245
_a
THE POWER OF TEN
_c
THOMPSON E P
942
_2
udc
_c
BK
999
_c
59052
_d
59052